000 01409ngm a22003730a 4500
001 PT16081
003 AR-LpoUNG
005 20210202000201.0
007 vd cvaizq
008 191001s1989||||ag |||||||||||||||||spa d
037 _c$8.33
040 _aAR-LpoUNG
_bspa
_cAR-LpoUNG
_eaacr
041 _aspa
044 _aag
082 0 _a982.06 894dni
100 1 _aBrunati, Luis
_edir.
245 1 0 _aDNI
260 _a[Buenos Aires] :
_bBlakman,
_c[1989].
300 _aVHS (90 min.) : son, col.
505 0 _aProducción: Jorge Abad ; guión: Julio Fenández Baraibar ; fotografía: Aníbal Di Salvo ; música: Diego Boris, Carlos Viola ; colaboración: Teresa Parodi, Litto Nebia.
520 _aLa obra muestra la historia de un trabajador changarín y de su familia, sus problemas y su falta de trabajo, entremezclada con fragmentos documentales sobre la historia Argentina. El film fue realizado por un diputado nacional durante los primeros años de gestión del presidente Carlos Menem, estrenado a los pocos meses de que este asumiera el mandato.
650 4 _aANALISIS HISTORICO
650 4 _aARGENTINA
650 4 _aASPECTOS POLITICOS
650 4 _aASPECTOS SOCIALES
650 4 _aHISTORIA
650 4 _aINTEGRACION POLITICA
650 4 _aPLANO NACIONAL
650 4 _aPOLITICA NACIONAL
653 _aDOCUMENTALES
653 _aVIDEOS
905 _a16081
942 _cVIDEO
999 _c54287
_d54287